000 00303nam a2200133 i 4500
001 bg
100 1 _aLAWRECKIJ, Josif
245 0 _aErnesto Che Guewara /
_cJosif Lawreckij.
260 _aKraków,
_c1974.
040 _cBPK
041 _apol
942 _cKS
008 s pl f |000 0 pol
999 _c17418
_d17418
856 _uhttp://koha.tu.koszalin.pl/cgi-bin/koha/opac-detail.pl?biblionumber=17418
_yKatalog online BPK